| 000 | 01046pam a22003135a 4500 | ||
|---|---|---|---|
| 001 | 013080362 | ||
| 003 | OSt | ||
| 005 | 20201128023557.0 | ||
| 008 | 950607r20132002enka frb 001 0 eng d | ||
| 020 | _a0750644451 | ||
| 020 | _a9780750644457 | ||
| 040 |
_aStDuBDS _beng _dUk _dEG-ScBUE |
||
| 082 | 0 | 4 |
_a660 _bCOU _222 |
| 245 | 0 | 0 |
_aCoulson and Richardson's chemical engineering / _cJ. F. Richardson ... [et al.] |
| 246 | 3 | 0 | _aChemical engineering |
| 250 | _a5th ed., Reprint ed. | ||
| 260 |
_aOxford ; _aBurlington : _bButterworth-Heinemann / Elsevier, _c2013. |
||
| 300 |
_av. 2 (xxxiii, 1229 p.) : _bill. ; _c25 cm. |
||
| 500 | _aIndex : p. 1185-1229. | ||
| 500 | _aReprinted of the 2002 ed. | ||
| 504 | _aIncludes bibliographical references. | ||
| 505 | 1 | _av. 2. Particle technology and separation processes. | |
| 650 | 7 |
_achemical engineering. _2BUEsh _91062 |
|
| 651 | _2BUEsh | ||
| 653 |
_bENGCHE _cSeptember2015 |
||
| 655 |
_vReading book _934232 |
||
| 700 | 1 |
_aRichardson, J. F. _938446 _q(John Francis) |
|
| 942 |
_2ddc _k660 RIC |
||
| 999 |
_c20864 _d20836 |
||